00977nam a2200289 a 4500008004100000020003000041040001500071245010100086250002000187260005000207300004400257336002600301337002800327338002700355500002000382504004100402650002800443650004000471650001600511650002800527700002800555700002900583700002900612700002800641003000100669005001700670  a9780273623816 (paperback) aNUSTcNUST10aPurchasing principles and management/c Peter Baily ; David Farmer ; David Jessop & David Jones. aEighth edition. aLondon :bFinancial Times Management, c1998. ax, 406 pages :billustrations ;c25 cm. atextbtxt2rdacontent aunmediatedbn2rdamedia avolumebnc2rdacarrier aIncludes index. aIncludes bibliographical references. 1aPurchasingxManagement. aIndustrial procurementxManagement. aPurchasing. aIndustrial procurement. aBaily, Peter.,aauthor. aFarmer, David.,aauthor. aJessop, David.,aauthor. aJones, David.,aauthor.20230123141231.0